|
|
|
|
| LEADER |
01219nam a2200313 a 4500 |
| 001 |
512 |
| 003 |
BD-DhAAL |
| 005 |
20230213114517.0 |
| 008 |
150826s1995 bg a b 000 0 eng |
| 010 |
|
|
|a 96902383
|
| 040 |
|
|
|a DLC
|c DLC
|d BD-DhAAL
|
| 082 |
0 |
0 |
|a 305.895/8
|2 21
|
| 100 |
1 |
|
|a Razzaq, Abdur.
|9 5935
|
| 245 |
1 |
2 |
|a A tale of refugees :
|b Rohingyas in Bangladesh /
|c Abdur Razzak, Mahfuzul Haque.
|
| 246 |
1 |
8 |
|a Rohingyas in Bangladesh
|
| 260 |
|
|
|a Dhaka :
|b Centre for Human Rights,
|c c1995.
|
| 300 |
|
|
|a 234 p. :
|b ill. ;
|c 21 cm.
|
| 504 |
|
|
|a Includes bibliographical references.
|
| 520 |
|
|
|a On Rohingyas of Arakan State, Burma taking refuge in Bangladesh, and their repatriation.
|
| 541 |
|
|
|e 512
|
| 650 |
|
0 |
|a Rohingya (Burmese people)
|9 14098
|
| 650 |
|
0 |
|a Rohingya (Burmese people)
|z Bangladesh.
|9 14099
|
| 650 |
|
0 |
|a Refugees
|z Burma.
|9 14100
|
| 650 |
|
0 |
|a Refugees
|z Bangladesh.
|9 14101
|
| 700 |
1 |
|
|a Haque, Mahfuzul.
|9 14102
|
| 710 |
2 |
|
|a Centre for Human Rights (Dhaka, Bangladesh)
|9 14103
|
| 942 |
|
|
|2 ddc
|c BK
|
| 999 |
|
|
|c 35338
|d 35338
|
| 952 |
|
|
|0 0
|1 0
|2 ddc
|4 0
|6 305_895800000000000_RAZ
|7 0
|9 55543
|a SCL
|b SCL
|c GEN
|d 2015-08-26
|g 225.00
|l 3
|m 10
|o 305.8958 RAZ
|p 3020000512
|r 2022-05-15
|s 2022-04-07
|t 1
|w 2015-08-26
|y BK
|